00693cam a2200241 a 4500001000800000005001700008008004100025010001700066020002300083020002300106040002500129041000800154043003000162080001600192082002000208100000600228101000800234245007100242504006400313906004500377942001200422999001700434199644820180205071633.0900822s1991 dcua bc f001 0 eng  a 90010289  a1560980354 (cloth) a1560980362 (paper) aDLCcDLCdDLCdOCoLC aeng an------as------ae-sp--- a970.015 har00a970.015 har220 a9 amje00aSeeds of change :cedited by Herman J. Viola and Carolyn Margolis. aIncludes bibliographical references (p. 264-268) and index. a7bcbccorignewd1eocipf19gy-gencatlg 2ddccBK c41755d41755